ガキ使『笑ってはいけないシリーズ』のタイトル - Statistics

General Stats
  • This quiz has been taken 149 times
  • The average score is 8 of 18
Answer Stats
放送日 タイトル % Correct
2006-12-31 絶対に笑ってはいけない{警察}24時
78%
2005-10-04 絶対に笑ってはいけない{高校}
65%
2007-12-31 絶対に笑ってはいけない{病院}24時
61%
2013-12-31 絶対に笑ってはいけない{地球防衛軍}24時
56%
2011-12-31 絶対に笑ってはいけない{空港}24時
54%
2010-12-31 絶対に笑ってはいけない{スパイ}24時
44%
2009-12-31 絶対に笑ってはいけない{ホテルマン}24時
43%
2014-12-31 絶対に笑ってはいけない{大脱獄}24時
42%
2017-12-31 絶対に笑ってはいけない{アメリカンポリス}24時!
41%
2004-12-28 笑ってはいけない{温泉宿}一泊二日の旅in{湯河原}
38%
2008-12-31 絶対に笑ってはいけない{新聞社}24時
37%
2012-12-31 絶対に笑ってはいけない{熱血教師}24時
37%
2015-12-31 絶対に笑ってはいけない{名探偵}24時
36%
2019-12-31 絶対に笑ってはいけない{青春ハイスクール}24時!
35%
2016-12-31 絶対に笑ってはいけない{科学博士}24時
32%
2018-12-31 絶対に笑ってはいけない{トレジャーハンター}24時!
31%
2003-07-27 絶対笑ってはいけない{温泉宿}一泊二日の旅
27%
2020-12-31 絶対に笑ってはいけない{大貧民GoToラスベガス}24時!
9%
No matching quizzes found
Score Distribution
Percent of People with Each Score
Percentile by Number Answered
Your Score History
You have not taken this quiz